00735nam a22001577a 4500003000900000005001700009008004100026040001300067100002200080245004500102250000600147260002100153300001900174490000900193520037500202IT-RoPau20220918181219.0131217b xxu||||| |||| 00| 0 eng d cIT-RoPau aChiesa, Francesco aPer l'unità€ nella formazione del Clero aI aAlbabPSSPc1932 a232 pp.c20 cm aE.P. aIndice Prefazione Capitolo Primo - Natura dell'unificazione Capitolo Secondo - Criteri di unificazione Capitolo Terzo - Motivi di unificazione Capitolo Quarto - Vantaggi dell'unificazione Capitolo Quinto - Cooperatori nell'unificazione Capitolo Sesto - Mezzi di unificazione Capitolo Settimo - Pratica del'unificazione Capitolo Ottavo - Diagramma di sintesi universale